Detalles MARC
| 000 -CABECERA |
| campo de control de longitud fija |
01600nam a2200313 a 4500 |
| 001 - NÚMERO DE CONTROL |
| campo de control |
000043562 |
| 005 - FECHA Y HORA DE LA ÚLTIMA TRANSACCIÓN |
| campo de control |
20260428073714.0 |
| 008 - DATOS DE LONGITUD FIJA--INFORMACIÓN GENERAL |
| campo de control de longitud fija |
140324s2012 dr 000 0 spa d |
| 020 ## - NÚMERO INTERNACIONAL ESTÁNDAR DEL LIBRO |
| Número Internacional Estándar del Libro |
9789945412697 |
| 040 ## - FUENTE DE LA CATALOGACIÓN |
| Centro catalogador/agencia de origen |
DO-SdBNP |
| Lengua de catalogación |
spa |
| Centro/agencia transcriptor |
BNPHU |
| 082 ## - NÚMERO DE LA CLASIFICACIÓN DECIMAL DEWEY |
| Número de clasificación |
RD864.44 |
| Número de documento/Ítem |
P925p, 2011 |
| 111 2# - ENTRADA PRINCIPAL--NOMBRE DE CONGRESO/REUNIÓN |
| Nombre de congreso/reunión o jurisdicción como elemento de entrada |
Premio Ensayo Pedro Francisco Bonó |
| Fecha del congreso/reunión |
(2011 : |
| Sede del congreso/Lugar de la reunión |
Santo Domingo) |
| 9 (RLIN) |
71372 |
| 245 10 - MENCIÓN DE TÍTULO |
| Título |
Premio de ensayo Pedro Francisco Bonó. |
| 260 ## - PUBLICACIÓN, DISTRIBUCIÓN, ETC. |
| Lugar de publicación, distribución, etc. |
Santo Domingo : |
| Nombre del editor, distribuidor, etc. |
FUNGLODE, |
| Fecha de publicación, distribución, etc. |
2012. |
| 300 ## - DESCRIPCIÓN FÍSICA |
| Extensión |
276 p. ; |
| Dimensiones |
26 cm. |
| 490 1# - MENCIÓN DE SERIE |
| Mención de serie |
Premios FUNGLODE /GFDD 2011 Ensayo |
| 504 ## - NOTA DE BIBLIOGRAFÍA, ETC. |
| Nota de bibliografía, etc. |
Bibliografía : p. 275 -276 |
| 505 0# - NOTA DE CONTENIDO CON FORMATO |
| Información miscelánea |
Primer lugar : |
| Título |
Una centuria tocando acordeón ; |
| -- |
De Ñico Lora a Tatico Henríquez / |
| Mención de responsabilidad |
Pedro Carreras Aguilera -- |
| Información miscelánea |
Segundo lugar : |
| Título |
Antropología del semáforo ; |
| -- |
El comercio internacional de Santo Domingo / |
| Mención de responsabilidad |
Bismar Galán -- |
| Información miscelánea |
Tercer lugar : |
| Título |
Antihéroes onettianos ; |
| -- |
Habitantes de proyectos fallidos / |
| Mención de responsabilidad |
Reynaldo Chevelier |
| 650 #0 - PUNTO DE ACCESO ADICIONAL DE MATERIA--TÉRMINO DE MATERIA |
| Término de materia o nombre geográfico como elemento de entrada |
Ensayos dominicanos |
| 9 (RLIN) |
65 |
| 650 #0 - PUNTO DE ACCESO ADICIONAL DE MATERIA--TÉRMINO DE MATERIA |
| Término de materia o nombre geográfico como elemento de entrada |
Literatura dominicana. |
| 9 (RLIN) |
67 |
| 650 #0 - PUNTO DE ACCESO ADICIONAL DE MATERIA--TÉRMINO DE MATERIA |
| Término de materia o nombre geográfico como elemento de entrada |
Premios literarios |
| 9 (RLIN) |
1542 |
| 650 #4 - PUNTO DE ACCESO ADICIONAL DE MATERIA--TÉRMINO DE MATERIA |
| Término de materia o nombre geográfico como elemento de entrada |
Certámenes literarios |
| 9 (RLIN) |
1541 |
| 700 12 - PUNTO DE ACCESO ADICIONAL--NOMBRE DE PERSONA |
| Nombre de persona |
Carreras Aguilera, Pedro. |
| Título de la obra |
Una centuria tocando acordeón ; De Ñico Lora a Tatico Henríquez |
| 9 (RLIN) |
71373 |
| 700 12 - PUNTO DE ACCESO ADICIONAL--NOMBRE DE PERSONA |
| Nombre de persona |
Galán, Bismar. |
| Título de la obra |
Antropología del semáforo ; El comercio internacional de Santo Domingo |
| 9 (RLIN) |
71374 |
| 700 12 - PUNTO DE ACCESO ADICIONAL--NOMBRE DE PERSONA |
| Nombre de persona |
Chevalier, Reynaldo. |
| Título de la obra |
Antihéroes onettianos ; Habitantes de proyectos fallidos |
| 9 (RLIN) |
71375 |
| 710 22 - PUNTO DE ACCESO ADICIONAL--NOMBRE DE ENTIDAD CORPORATIVA |
| Nombre de entidad corporativa o nombre de jurisdicción como elemento de entrada |
Fundación Global Democracía y Desarrollo |
| 9 (RLIN) |
25477 |
| 830 #0 - PUNTO DE ACCESO ADICIONAL DE SERIE-TÍTULO UNIFORME |
| Título uniforme |
Premios FUNGLODE - GFDD 2011 |
| Nombre de parte o sección de la obra |
ensayo |
| 9 (RLIN) |
71376 |
| 910 ## - DATOS DE OPCIÓN DEL USUARIO (OCLC) |
| Datos de opción del usuario |
Validado. Control de calidad MFF |